000 00512nab a2200145Ia 4500
003 ES-SlBCS
005 20210904011007.0
008 140529s2001 xxu||||| |||| 00| 0 spa d
041 _aspa
100 1 _aMartínez Ángel, Lorenzo
_96573
245 0 0 _aPropiedades urbanas de la Sede Compostelana en León y de las Legaciones en Santiago (954-1208)
_c Lorenzo Martínez Ángel
651 4 _aSantiago de Compostela
_986283
773 0 _tCompostellanum
_gvol. 46, nº. 3-4, 2001, págs. 327-334
_wRev130
942 _cAR
999 _c631805
_d631805